Statistiques concernant Chaîne alimentaire marine - "Carte" quiz

Cliquez ici pour prendre le quiz!

Statistiques générales

  • Ce quiz a été pris 598 fois
  • Le résultat moyen est 5 sur 6

Réponses sur la Carte

Les réponses sont colorées sur une échelle allant du rouge au vert en fonction du pourcentage des utilisateurs qui les ont devinées à leur premier essai. Vous pouvez retrouver ces pourcentages ci-dessous.
 

Statistiques - réponses

Réponse% Correct
Requin
93%
Etre unicellulaire
84%
Sardine
83%
Plancton
79%
Thon
77%
Maquereau
75%

Distribution des résultats

Percentile par nombre de réponses

% des personnes avec chaque résultat

Votre développement - résultats

Vous n’avez pas pris ce quiz